000 00556nam a2200181Ia 4500
999 _c14737
_d14737
003 OSt
005 20201019101855.0
008 190216s9999||||xx |||||||||||||| ||und||
020 _a9780195684582
040 _coclc
082 _a302.230954
_bSAH/M
100 _aSahay, Uday
_95867
245 0 _aMaking News:
_bHand Book Of The Media In Contemporary India /
_cUday Sahay
260 _bOxford University Press,
_c2006.
_aNew Delhi:
300 _a282p
650 _aEnglish
942 _cBK
_2ddc
_h302.230954
_iSAH/M
_k302.230954
_mSAH/M